000
00373nam a2200133Ia 4500
008
151001s9999||||xx |||||||||||||| ||und||
100
_a
हरीशन्द्र गणपत पागडे
245
_a
कवीराज
250
_a
1
260
_b
ललित नाट्य प्रकाशन
260
_c
1995
300
_a
67
365
_b
18
999
_c
981996
_d
981993